[Event "44th Badalona Open 2018"]
[Site "Badalona"]
[Date "2018.08.03"]
[Round "3"]
[White "Carricondo Fernandez, Vicente"]
[Black "Alonso Gomez, Raul"]
[Result "0-1"]
[WhiteElo "1824"]
[BlackElo "1907"]
[Annotator "NA"]
[PlyCount "98"]
[EventDate "2018.08.01"]
[EventType "swiss"]
[EventCountry "ESP"]
[SourceTitle "playchess.com"]
[Source "ChessBase"]
[SourceQuality "1"]
[TimeControl "5400+30"]

1. e4 c5 {[%emt 0:00:41]} 2. Nf3 {[%emt 0:18:30]} Nc6 {[%emt 0:00:14]} 3. Nc3 {[%emt 0:02:33]} a6 {[%emt 0:03:27]} 4. b3 {[%emt 0:02:40]} g6 {[%emt 0:00:12]} 5. Bb2 {[%emt 0:00:30]} Bg7 {[%emt 0:00:30]} 6. Na4 {[%emt 0:01:52]} Nd4 {[%emt 0:00:19]} 7. Nxd4 {[%emt 0:01:50]} cxd4 {[%emt 0:00:30]} 8. Nc5 {[%emt 0:20:57]} d5 {[%emt 0:07:37]} 9. Qf3 {[%emt 0:00:30]} b6 {[%emt 0:09:47]} 10. Nd3 {[%emt 0:07:52]} e5 {[%emt 0:05:26]} 11. Nb4 {[%emt 0:05:30]} Ne7 {[%emt 0:02:21]} 12. Nxd5 {[%emt 0:00:30]} Nxd5 {[%emt 0:00:30]} 13. exd5 {[%emt 0:00:09]} Bb7 {[%emt 0:00:30]} 14. Bd3 {[%emt 0:05:39]} O-O {[%emt 0:05:18]} 15. O-O-O {[%emt 0:05:19]} f5 16. Qg3 {[%emt 0:01:15]} Bxd5 {[%emt 0:01:55]} 17. f3 {[%emt 0:01:29]} b5 {[%emt 0:04:42]} 18. h4 {[%emt 0:01:21]} b4 {[%emt 0:00:47]} 19. h5 {[%emt 0:01:58]} Qf6 {[%emt 0:00:08]} 20. hxg6 {[%emt 0:00:30]} hxg6 {[%emt 0:00:30]} 21. Qh3 {[%emt 0:09:04]} Kf7 {[%emt 0:10:06]} 22. Be4 {[%emt 0:04:12]} Rad8 {[%emt 0:09:59]} 23. Rhf1 {[%emt 0:00:17]} Rh8 {[%emt 0:01:34]} 24. Qg3 {[%emt 0:01:24]} Qh4 {[%emt 0:00:15]} 25. Bxd5+ {[%emt 0:00:30]} Rxd5 {[%emt 0:00:30]} 26. Qxh4 {[%emt 0:00:00]} Rxh4 27. Rh1 {[%emt 0:00:00]} Rxh1 {[%emt 0:02:11]} 28. Rxh1 {[%emt 0:00:55]} Rc5 29. d3 {[%emt 0:00:35]} Rc8 {[%emt 0:04:31]} 30. a3 {[%emt 0:00:30]} a5 {[%emt 0:00:14]} 31. a4 {[%emt 0:00:30]} Rh8 {[%emt 0:00:10]} 32. Rxh8 {[%emt 0:00:00]} Bxh8 {[%emt 0:00:00]} 33. Kd1 {[%emt 0:00:28]} g5 {[%emt 0:00:27]} 34. Bc1 {[%emt 0:00:34]} Bf6 {[%emt 0:00:30]} 35. Ke2 {[%emt 0:00:30]} g4 {[%emt 0:05:14]} 36. f4 {[%emt 0:02:51]} Ke6 37. fxe5 {[%emt 0:00:10]} Bxe5 {[%emt 0:01:51]} 38. Bh6 {[%emt 0:00:41]} f4 {[%emt 0:07:46]} 39. Bg5 {[%emt 0:00:29]} Bc7 {[%emt 0:01:18]} 40. Bh6 {[%emt 0:00:50]} Kf7 {[%emt 0:03:16]} 41. Bg5 {[%emt 0:00:13]} Ke6 {[%emt 0:03:18]} 42. Bh6 {[%emt 0:00:16]} Bd6 {[%emt 0:01:18]} 43. Bg5 {[%emt 0:00:18]} Bc7 {[%emt 0:00:31]} 44. Bh6 {[%emt 0:00:20]} Kf7 {[%emt 0:00:09]} 45. Bg5 {[%emt 0:00:40]} Kg6 46. Be7 Kh5 47. Bc5 Be5 48. Bb6 Kh4 49. Bxa5 Kg3 0-1